000 00661nam a2200265Ia 4500
005 20260324152759.0
008 008 260324s9999 xx 000 0 eng d
020 _a9780128000106
037 _aEBOOK
040 _aCRL
040 _beng
040 _cCRL
041 _2eng
041 _aeng
084 _qCRL
100 _aBahadori, Alireza
_9901517
245 0 _aThermal Insulation Handbook for the Oil Gas and Petrochemical Industries
260 _bElsevier
260 _c2014
650 _aEnergy
856 _uhttps://www.sciencedirect.com/science/book/9780128000106
942 _cEBOOK
999 _c1840608
_d1840608